000 01083nam0a22002771 4500
001 v19\rc\1634316
005 20091105155558.4
035 _a(NLR Aleph) 005240193
090 _a5696249
_c5696249
100 _a20061002f19001909|||y0rusy50 ca
101 0 _arus
102 _aRU
105 _aa z |||a|
200 1 _aСорочинская ярмарка
_e[Повесть]
_eНар. изд.
_fН. Гоголь
_g[С 37 рис. И. Храброва]
205 _a6-е изд.
210 _aСанкт-Петербург
_cт-во А.Ф. Маркс
_d[190-?]
215 _a52 с.
_cил.
_d17
700 1 _aГоголь
_bН. В.
_f1809-1852
_gНиколай Васильевич
_3RU\NLR\AUTH\773480
_7ca
702 1 _aГрабарь
_bИ. Э.
_cхудожник, искусствовед
_f1871-1960
_gИгорь Эммануилович
_3RU\NLR\AUTH\7768699
_4440
801 0 _aRU
_bNLR
_c20061002
_gpsbo
801 0 _aRU
_bRuMoRGB
_c20061002
_2psbo
801 1 _aRU
_bProSoft-M
_c20061002
_2rusmarc
801 2 _aRU
_bNLR
_c20091105
_2rusmarc
852 _aNLR
_j78-2/4056
942 _cBOOK
980 _aNB